00285nam a2200097Ia 4500008004100000041000800041100002800049245006000077260003100137999001900168241105s9999 xx 000 0 und d aeng aKhatod Karishma9184184 aEliciting Digital Mediums To As A Socio-Urban Interface bBNCA M Arch DA, Punec2021 c362026d362026